Postavenie podmienkových viet v anglickom jazyku a ich správne používanie vo vyučovacom procese

Základné typy podmienkových viet a súvetí použitých v anglických učebniciach a vo vyučovacom procese. Techniky uplatnené vo vzťahu k špecifickej didaktickej situácii. Význam podmienkových viet v diškurze a komunikácii. Rétorické a nepriame podmienkové vety.

Salvato in:
Dettagli Bibliografici
Autore principale: Strelinger, Ján, 1964-
Natura: Capitolo di libro
Lingua:slovacco
Soggetti:
Tags: Aggiungi Tag
Nessun Tag, puoi essere il primo ad aggiungerne!!

MARC

LEADER 00000naa$a2200000$$$4500
001 0268350
005 20240502074216.7
041 0 |a slo 
044 |a SK 
245 1 0 |a Postavenie podmienkových viet v anglickom jazyku a ich správne používanie vo vyučovacom procese  |c Ján Strelinger 
520 |a Základné typy podmienkových viet a súvetí použitých v anglických učebniciach a vo vyučovacom procese. Techniky uplatnené vo vzťahu k špecifickej didaktickej situácii. Význam podmienkových viet v diškurze a komunikácii. Rétorické a nepriame podmienkové vety. 
610 2 0 |a gramatika 
610 2 0 |a didaktika 
610 2 0 |a angličtina 
610 2 0 |a vyučovanie 
610 2 0 |a študenti 
100 1 |a Strelinger, Ján, 1964-